LEADER 01279nam--2200397---450- 001 990000929930203316 005 20050822111723.0 010 $a88-464-0716-4 035 $a0092993 035 $aUSA010092993 035 $a(ALEPH)000092993USA01 035 $a0092993 100 $a20020131d1998----km-y0itay0103----ba 101 0 $aita 102 $aIT 105 $ay|||z|||001yy 200 1 $aFormazione, sviluppo organizzativo e gestione delle risorse umane$fa cura di Federico Butera e Michele La Rosa 210 $aMilano$cF. Angeli$dcopyr. 1998 215 $a299 p.$d23 cm 225 2 $aSociologia del lavoro$v64 410 0$12001$aSociologia del lavoro$v65 606 $aSociologia del lavoro 676 $a306.36094 701 1$aLA ROSA,$bMichele$0527330 702 1$aBUTERA,$bFederico$f<1940- > 801 0$aIT$bsalbc$gISBD 912 $a990000929930203316 951 $aII.5. 4432(XV C COLL 9/65)$b161354 L.M.$cXV C COLL$d00079825 959 $aBK 969 $auma 979 $aCHIARA$b90$c20020131$lUSA01$h0952 979 $c20020403$lUSA01$h1736 979 $aPATRY$b90$c20040406$lUSA01$h1704 979 $aCOPAT1$b90$c20050822$lUSA01$h1117 996 $aFormazione, sviluppo organizzativo e gestione delle risorse umane$9972003 997 $aUNISA LEADER 02096nas 2200445 n 450 001 990008992300403321 005 20240229084344.0 011 $a0161-8938 035 $a000899230 035 $aFED01000899230 035 $a(Aleph)000899230FED01 035 $a000899230 091 $2CNR$aP 00041132 100 $a20161109a19799999km-y0itaa50------ba 101 0 $aeng 102 $aUS 110 $aauu-------- 200 1 $aJournal of policy modeling 207 1$a1979- 210 $aAmsterdam$cNorth-Holland 326 $aBimestrale 452 0$12001$aJournal of policy modeling 530 0 $aJournal of policy modeling 675 $a33 676 $a300.151 676 $a320 712 02$aSociety for Policy Modeling 801 0$aIT$bACNP$c20090723 859 4 $uhttp://acnp.cib.unibo.it/cgi-ser/start/it/cnr/dc-p1.tcl?catno=29221&person=false&language=ITALIANO&libr=&libr_th=unina1$zBiblioteche che possiedono il periodico 901 $aSE 912 $a990008992300403321 958 $aBiblioteca della Facoltà di Economia Complesso Universitario Monte S. Angelo- Università degli Studi di Napoli "Federico II"$b1980-2007;$c1984;$eEC.I-D-1/EC.I-L-5 Dep.$fDECBC 958 $aBiblioteca del Dipartimento di Economia e Politica Agraria. Università degli Studi Federico II di Napoli$b1979-2003;$fDAGEA 959 $aDECBC 959 $aDAGEA 996 $aJournal of policy modeling$9794569 997 $aUNINA AP1 8 $6866-01$aNA042 Biblioteca della Facoltà di Economia Complesso Universitario Monte S. Angelo- Università degli Studi di Napoli "Federico II"$bEC.I-D-1/EC.I-L-5 Dep.$evia Cinthia,26, 80126 Napoli (NA)$m081676647-0816782$m081676684$nit AP1 8 $6866-02$aNA220 Biblioteca del Dipartimento di Economia e Politica Agraria. Università degli Studi Federico II di Napoli$eVia Università, 96, 80055 Portici (NA)$m081/2539113$m081/7755143$nit AP2 40$aacnp.cib.unibo.it$nACNP Italian Union Catalogue of Serials$uhttp://acnp.cib.unibo.it/cgi-ser/start/it/cnr/df-p.tcl?catno=29221&language=ITALIANO&libr=&person=&B=1&libr_th=unina&proposto=NO